Evaluación técnica de la integración masiva de sistemas fotovoltaicos en circuito de ESPH
Збережено в:
| Автор: | |
|---|---|
| Інші автори: | , , , |
| Формат: | Книга |
| Мова: | Spanish |
| Опубліковано: |
[San José ], Costa Rica
2016
|
| Предмети: | |
| Теги: |
Додати тег
Немає тегів, Будьте першим, хто поставить тег для цього запису!
|
MARC
| LEADER | 00000nam a22000007a 4500 | ||
|---|---|---|---|
| 003 | 012683 | ||
| 005 | 20231129114821.0 | ||
| 008 | 171003b2016 cr a|||| m||| 00| ||spa d | ||
| 040 | |c cru cedi | ||
| 090 | |a TFG 7834 | ||
| 100 | |a Montiel Soto, Catherine Mercedes, 1991- |9 1087 | ||
| 245 | |a Evaluación técnica de la integración masiva de sistemas fotovoltaicos en circuito de ESPH | ||
| 260 | |a [San José ], Costa Rica |c 2016 | ||
| 300 | |a xxv, 117 hojas ; ilustraciones | ||
| 500 | |a Tesis de graduación (licenciatura en ingeniería eléctrica)--Universidad de Costa Rica. Facultad de Ingeniería. Escuela de Ingeniería Eléctrica | ||
| 501 | |a Director de Tesis de Graduación: Dr. Gustavo Valverde Mora | ||
| 610 | 0 | |a EMPRESA DE SERVICIOS PUBLICOS DE HEREDIA (COSTA RICA) |9 1924 | |
| 650 | |x GENERACION DISTRIBUIDA DE ENERGIA ELECTRICA |x SISTEMAS DE ENERGIA FOTOVOLTAICA - SIMULACION POR COMPUTADORA |x ENERGIA SOLAR |9 10028 | ||
| 700 | |a Tencio Alfaro, Ernie Fernando, 1990- |9 1141 | ||
| 700 | |a Vargas Barahona, Jainer Eduardo, 1990- |9 1060 | ||
| 700 | |a Zavala Jiménez, Dennis Alonso, 1991- |9 1215 | ||
| 700 | |a Valverde Mora, Gustavo |d Director del TFG |9 357 | ||
| 942 | |c TFG |h TFG 7834 |i 012683 |6 TFG_7834_012683000000000 | ||
| 999 | |c 19068 |d 19068 | ||
